[Event "Titled Tuesday intern op 25th Jul Late"]
[Site "Chess.com INT"]
[Date "2023.07.25"]
[Round "1"]
[White "Ramadoss, Ashokkumar"]
[Black "Sivakumar, Shaaketh"]
[Result "0-1"]
[WhiteElo "2110"]
[BlackElo "2337"]
[PlyCount "98"]
[EventDate "2023.07.25"]
[EventType "swiss (blitz)"]
[EventRounds "11"]
[EventCountry "USA"]
[SourceTitle "EXT 2024"]
[Source "ChessBase"]
[SourceDate "2023.10.10"]
[SourceVersion "1"]
[SourceVersionDate "2023.10.10"]
[SourceQuality "1"]

1. Nf3 Nf6 2. c4 b6 3. Nc3 Bb7 4. d4 e6 5. a3 Ne4 6. Qc2 f5 7. e3 d6 8. Bd3 Nxc3 9. Qxc3 Nd7 10. 0-0 Nf6 11. Qc2 Be7 12. b4 0-0 13. Bb2 Ne4 14. Nd2 Nxd2 15. Qxd2 Bf6 16. f3 g6 17. e4 fxe4 18. fxe4 e5 19. d5 Bg5 20. Qe2 Qe7 21. Rxf8+ Rxf8 22. Rf1 Bf6 23. Bc1 Bc8 24. Bh6 Re8 25. Qf3 Bg7 26. Bxg7 Kxg7 27. Qe3 Bd7 28. Rf2 Ra8 29. c5 bxc5 30. bxc5 dxc5 31. Rc2 c4 32. Bxc4 Rb8 33. h3 Rb6 34. Qc3 c6 35. Qa5 Be8 36. dxc6 Bxc6 37. Bd5 Be8 38. Rc8 Qf6 39. Qxa7+ Kh6 40. Rc1 Bb5 41. Qa5 Qf4 42. Qxb6 Qxc1+ 43. Kh2 Qf4+ 44. Kh1 Bd3 45. Qd6 Qf1+ 46. Kh2 Qf4+ 47. Kh1 Bf1 48. Qf8+ Qxf8 49. Kg1 Bd3 0-1

[Event "Titled Tuesday intern op 02nd May Early"]
[Site "Chess.com INT"]
[Date "2023.05.02"]
[Round "5"]
[White "Vargas, Mauricio"]
[Black "Ramadoss, Ashokkumar"]
[Result "0-1"]
[WhiteElo "2035"]
[BlackElo "2110"]
[PlyCount "86"]
[EventDate "2023.05.02"]
[EventType "swiss (blitz)"]
[EventRounds "11"]
[EventCountry "USA"]
[SourceTitle "EXT 2024"]
[Source "ChessBase"]
[SourceDate "2023.10.10"]
[SourceVersion "1"]
[SourceVersionDate "2023.10.10"]
[SourceQuality "1"]

1. e4 e6 2. f4 d5 3. e5 c5 4. Nf3 Nc6 5. Bb5 Nge7 6. Bxc6+ Nxc6 7. 0-0 Be7 8. Nc3 0-0 9. d3 a6 10. a3 b5 11. Ne2 a5 12. c3 Ba6 13. b4 axb4 14. axb4 cxb4 15. cxb4 Nxb4 16. Qb3 Nc6 17. Rxa6 Rxa6 18. Qxb5 Qb6+ 19. Qxb6 Rxb6 20. Be3 Rb3 21. Rd1 Nb4 22. Nc1 Rb1 23. Nd2 Ra1 24. Bd4 Raa8 25. Nf3 Rfc8 26. Ne2 Ra2 27. Ng3 Rcc2 28. Ne1 Rd2 29. Rb1 h6 30. Bc3 Nxd3 31. Bxd2 Rxd2 32. Nf3 Ra2 33. f5 Bc5+ 34. Kh1 Nf2+ 35. Kg1 Ne4+ 36. Kh1 Nxg3+ 37. hxg3 exf5 38. Kh2 d4 39. Rb5 Ba7 40. Rd5 Ra4 41. Rd8+ Kh7 42. Ra8 d3 43. Kh3 g5 0-1

[Event "Chess.com Bullet op1"]
[Site "Chess.com INT"]
[Date "2020.12.19"]
[Round "13"]
[White "Djordjevic, Dejan N"]
[Black "Ramadoss, Ashokkumar"]
[Result "0-1"]
[WhiteElo "2166"]
[BlackElo "2110"]
[PlyCount "66"]
[EventDate "2020.12.19"]
[EventType "swiss (blitz)"]
[EventRounds "21"]
[EventCountry "USA"]
[SourceTitle "EXT 2022"]
[Source "ChessBase"]
[SourceDate "2021.10.06"]
[SourceVersion "1"]
[SourceVersionDate "2021.10.06"]
[SourceQuality "1"]

1. e4 d6 2. d4 Nf6 3. Nc3 e5 4. Nge2 Be7 5. h3 0-0 6. Be3 c6 7. g3 b5 8. a3 a5 9. Bg2 Nbd7 10. 0-0 Qb6 11. Qd2 Qc7 12. f4 exf4 13. Nxf4 Nb6 14. b3 Re8 15. Rae1 b4 16. axb4 axb4 17. Nd1 Bb7 18. Kh2 Rad8 19. Nf2 c5 20. d5 Nbd7 21. N2d3 Ne5 22. Nxe5 dxe5 23. Nd3 Ba6 24. Rf2 c4 25. Nxb4 c3 26. Nxa6 cxd2 27. Rxd2 Qa5 28. c3 Qxa6 29. b4 Qc4 30. Bf2 Qxc3 31. Rde2 Rc8 32. Rb1 Bxb4 33. h4 Bc5 0-1

[Event "Chess.com Bullet op2"]
[Site "Chess.com INT"]
[Date "2020.12.19"]
[Round "2"]
[White "Mis, Mieszko"]
[Black "Ramadoss, Ashokkumar"]
[Result "1-0"]
[WhiteElo "2358"]
[BlackElo "2110"]
[PlyCount "79"]
[EventDate "2020.12.19"]
[EventType "swiss (blitz)"]
[EventRounds "21"]
[EventCountry "USA"]
[SourceTitle "EXT 2022"]
[Source "ChessBase"]
[SourceDate "2021.10.06"]
[SourceVersion "1"]
[SourceVersionDate "2021.10.06"]
[SourceQuality "1"]

1. Nf3 Nf6 2. g3 d5 3. Bg2 c6 4. c4 Bg4 5. cxd5 cxd5 6. Ne5 Bc8 7. Qb3 e6 8. Nc3 Nbd7 9. d4 Be7 10. 0-0 0-0 11. Rd1 a6 12. Bf4 b5 13. Nc6 Qe8 14. e4 Nb6 15. exd5 Nfxd5 16. Nxd5 Nxd5 17. Bxd5 exd5 18. Rac1 Be6 19. Qe3 Rc8 20. Nxe7+ Qxe7 21. b3 Qa3 22. Kg2 Qxa2 23. Be5 Bf5 24. Qg5 Bg6 25. Bd6 Rfe8 26. Re1 h6 27. Qf4 Qxb3 28. Be5 Qb2 29. h4 Rxc1 30. Rxc1 Qe2 31. Qe3 Qxe3 32. fxe3 Be4+ 33. Kf2 a5 34. Rc5 Ra8 35. Rxb5 a4 36. Rb2 a3 37. Ra2 Bb1 38. Ra1 a2 39. Bd6 Ra3 40. Bxa3 1-0

[Event "Chess.com Bullet op1"]
[Site "Chess.com INT"]
[Date "2020.12.19"]
[Round "14"]
[White "Ramadoss, Ashokkumar"]
[Black "Cramling Bellon, Anna"]
[Result "0-1"]
[WhiteElo "2110"]
[BlackElo "2035"]
[PlyCount "60"]
[EventDate "2020.12.19"]
[EventType "swiss (blitz)"]
[EventRounds "21"]
[EventCountry "USA"]
[SourceTitle "EXT 2022"]
[Source "ChessBase"]
[SourceDate "2021.10.06"]
[SourceVersion "1"]
[SourceVersionDate "2021.10.06"]
[SourceQuality "1"]

1. Nf3 d5 2. c4 d4 3. b4 Nf6 4. d3 e6 5. a3 c5 6. b5 Qc7 7. a4 Bd6 8. g3 Kf8 9. Bg2 Kg8 10. 0-0 h6 11. Nbd2 Kh7 12. a5 Re8 13. a6 bxa6 14. Nxd4 axb5 15. Nxb5 Qd7 16. Nxd6 Qxd6 17. Bxa8 Nc6 18. Bxc6 Qxc6 19. f3 Bb7 20. Ne4 Nxe4 21. fxe4 f5 22. Qa4 Qc8 23. exf5 Qa8 24. e4 exf5 25. Rxf5 Bxe4 26. dxe4 Qxe4 27. Rf1 Qd4+ 28. Kg2 Re2+ 29. Kh3 h5 30. Qd1 Qg4# 0-1

[Event "Chess.com Bullet op2"]
[Site "Chess.com INT"]
[Date "2020.12.19"]
[Round "1"]
[White "Ramadoss, Ashokkumar"]
[Black "Goltsev, Dmitry"]
[Result "0-1"]
[WhiteElo "2110"]
[BlackElo "2312"]
[PlyCount "46"]
[EventDate "2020.12.19"]
[EventType "swiss (blitz)"]
[EventRounds "21"]
[EventCountry "USA"]
[SourceTitle "EXT 2022"]
[Source "ChessBase"]
[SourceDate "2021.10.06"]
[SourceVersion "1"]
[SourceVersionDate "2021.10.06"]
[SourceQuality "1"]

1. Nf3 g6 2. c4 Bg7 3. Nc3 Nf6 4. d4 0-0 5. e4 d6 6. Be2 Nfd7 7. 0-0 b6 8. Re1 Bb7 9. Bf1 a5 10. b3 e5 11. d5 Nc5 12. Bb2 Nbd7 13. a3 f5 14. exf5 gxf5 15. g3 e4 16. Nh4 Qg5 17. Ng2 Ne5 18. Nf4 Nf3+ 19. Kh1 Qh6 20. h3 Be5 21. Bc1 Bxc3 22. Ne2 Qf6 23. Nxc3 Qxc3 0-1

[Event "Titled Tuesday intern op 06th Oct"]
[Site "Chess.com INT"]
[Date "2020.10.06"]
[Round "2"]
[White "Ramadoss, Ashokkumar"]
[Black "Audi, Ameya"]
[Result "0-1"]
[WhiteElo "2110"]
[BlackElo "2378"]
[PlyCount "36"]
[EventDate "2020.10.06"]
[EventType "swiss (blitz)"]
[EventRounds "10"]
[EventCountry "USA"]
[SourceTitle "CBM 198 Extra"]
[Source "ChessBase"]
[SourceDate "2020.11.30"]
[SourceVersion "1"]
[SourceVersionDate "2020.11.30"]
[SourceQuality "1"]

1. Nf3 Nf6 2. c4 g6 3. Nc3 Bg7 4. e4 d6 5. d4 0-0 6. Be2 Bg4 7. 0-0 Nfd7 8. Be3 Nc6 9. d5 Bxf3 10. Bxf3 Na5 11. Qa4 Bxc3 12. bxc3 b6 13. Be2 e5 14. g3 Qe7 15. Qc2 c6 16. Rad1 Rac8 17. Qa4 cxd5 18. cxd5 Rxc3 0-1

[Event "Western Pacific op"]
[Site "Los Angeles"]
[Date "2013.04.27"]
[Round "3"]
[White "Ramadoss, Ashokkumar"]
[Black "Peters, Jack"]
[Result "0-1"]
[WhiteElo "2114"]
[BlackElo "2351"]
[PlyCount "56"]
[EventDate "2013.04.26"]
[EventType "swiss"]
[EventRounds "5"]
[EventCountry "USA"]
[SourceTitle "CBM 154 Extra"]
[Source "ChessBase"]
[SourceDate "2013.06.25"]
[SourceVersion "2"]
[SourceVersionDate "2013.06.25"]
[SourceQuality "1"]

1. Nf3 c5 2. c4 Nf6 3. Nc3 e6 4. g3 d5 5. cxd5 Nxd5 6. Bg2 Nc6 7. 0-0 Be7 8. d3 0-0 9. Bd2 b6 10. Qa4 Bd7 11. Rfc1 Nc7 12. Qd1 Rc8 13. a3 Re8 14. Rab1 h6 15. Bf4 Nd5 16. Bd2 Bf8 17. h3 Nc7 18. Na2 e5 19. b4 Nd4 20. bxc5 Nxf3+ 21. exf3 Bxc5 22. Bb4 Bd4 23. Qe2 Bf5 24. Rd1 Nd5 25. Rbc1 Rxc1 26. Rxc1 a5 27. Bc3 Nxc3 28. Nxc3 Qg5 0-1